000 00292nam a2200097Ia 4500
008 201231s9999 xx 000 0 und d
100 _aKehoe, Kevin R.
245 0 _aExpanding leadership impact: A practical guide to managing people and processes
260 _aNew Delhi
_bWheeler pub
942 _cBK
999 _c9741
_d9741